000 00641cam a2200217 4500500
005 20260329003819.0
041 _afre
042 _adc
100 1 0 _aPortevin, Catherine
_eauthor
245 0 0 _aEnrichissement. Une critique de la marchandise
260 _c2017.
500 _a77
690 _aArnaud Esquerre
690 _aCapitalisme
690 _aLuc Boltanski
690 _aLuxe
690 _aMarchandise
690 _aMarche
786 0 _nPhilosophie magazine | 107 | 3 | 2017-03-01 | p. 60-60 | 1951-1787
856 4 1 _uhttps://shs.cairn.info/magazine-philosophie-magazine-2017-3-page-60?lang=fr&redirect-ssocas=7080
999 _c1827919
_d1827919